Harry Potter: les Epouvantards - Statistiques

Statistiques générales
  • Ce quiz a été pris 133 fois
  • Le résultat moyen est 12 sur 30
Statistiques - réponses
Information Réponses % Correct
Epouvantard de Ron Weasley Araignée géante
92%
Epouvantard présumé de JK Rowling Araignée géante (Comme Ron)
92%
Epouvantard de Harry Potter Détraqueur
88%
Epouvantard de Neville Londubat Severus Rogue
86%
Première apparition Harry Potter et le Prisonnier d'Azkaban
85%
Epouvantard de Remus Lupin Pleine Lune
80%
Dernière apparition Harry Potter et l'Ordre du Phenix
73%
Forme après "Riddikulus" Severus Rogue avec les habits de sa grand-mère
69%
Forme après "Riddikulus" (Film) Ballon qui se dégonfle
68%
Epouvantard de Hermione Granger Minerva McGonagall qui lui annonce un échec a ses examens
64%
Description Variable/ plus grande peur de la personne en face
53%
Forme après "Riddikulus"(Film) Diable à Ressort
51%
Epouvantard de Parvati Patil (Film) Cobra Géant
42%
Forme après "Riddikulus" (Film) Araignée géante sur rollers
41%
Epouvantard de Molly Weasley Cadavre de ses proches
39%
Epouvantard de Albus Dumbledore Cadavre de sa sœur
35%
Forme après "Riddikulus" Créature formée à partir des éléments du bureau
30%
Epouvantard de Parvati Patil (Livre) Momie enveloppée de bandelettes ensanglantées
27%
Epouvantard de Norbert Dragonneau Bureau
19%
Forme après "Riddikulus" (Livre) Araignée géante sans pattes
16%
Epouvantard de Dean Thomas Main coupée
16%
Statut Non-être
15%
Epouvantard de Leta Lestrange Ombre blanche avec une minuscule main humaine (son petit frère)
11%
Epouvantard de Lord Voldemort Son propre cadavre
11%
Epouvantard deSeammus Finnigan Spectre de la Mort
11%
Forme après "Riddikulus"(Livre) Momie qui trébuche sur ses bandelettes[1]
7%
Forme après "Riddikulus" (Livre) Cafard
3%
Forme après "Riddikulus" Main coupée dans un piège à souris
3%
Forme après "Riddikulus" Détraqueur qui trébuche dans sa robe
2%
Forme après "Riddikulus" Spectre de la Mort aphone
0%
Aucun quiz correspondant
Distribution des résultats
% des personnes avec chaque résultat
Percentile par nombre de réponses
Votre historique - résultats
Vous n’avez pas pris ce quiz